Hija de la fortuna / (Registro nro. 8340)

Detalles MARC
000 -LIDER
fixed length control field 00780nam a22002777a 4500
001 - NÚMERO DE CONTROL
Identificador de número de control 0074
003 - IDENTIFICACDOR DE NÚMERO DE CONTROL
control field DO-SdBNP
005 - DATE AND TIME OF LATEST TRANSACTION
control field 20151111154402.0
007 - CAMPOS FIJOS DE DESCRIPCIÓN FÍSICA
fixed length control field 0074
008 - ELEMENTOS DE LONGITUD FIJA
fixed length control field 151007b sp 2003 xxu||||| |||| 00| 0 spa d
020 ## - ISBN
International Standard Book Number 8439598130
040 ## - FUENTE DE CATALOGACIÓN
Agencia que crea de manera original el registro BPMSU
Idioma de catalogación spa
Agencia que realiza la transcripción BPMSU
092 ## - LOCALLY ASSIGNED DEWEY DECIMAL CALL NUMBER
Número de clasificación Ch863.44
Número de ítem (Cutter) A432h
100 10 - ASIENTO PRINCIPAL -- NOMBRE PERSONAL
Nombre personal Allende, Isabel
245 00 - MENCIÓN DE TITULO
Título Hija de la fortuna /
Mención de responsabilidad Isabel Allende; Virgilio Ortega director editorial
260 ## - PUBLICACIÓN, DISTRIBUCIÓN, ETC. (PIE DE IMPRENTA)
Lugar de publicación, distribución, etc Barcelona:
Nombre del editor, distribuidor, etc. Planeta,
Fecha de publicación, distribución, etc 2003
300 ## - DESCRIPCIÓN FÍSICA
Extensión 429 p.:
Dimensiones 24 cm.
490 10 - MENCIÓN DE SERIES
Mención de serie Biblioteca Isabel Allende
650 ## - ENCABEZAMIENTO DE MATERIA--TEMÁTICO
Término temático o nombre geográfico como elemento de entrada NOVELA CHILENA
650 ## - ENCABEZAMIENTO DE MATERIA--TEMÁTICO
Término temático o nombre geográfico como elemento de entrada LITERATURA CHILENA
700 10 - ASIENTO SECUNDARIO -- NOMBRE PERSONAL
Nombre personal Ortega, Virgilio,
Mención de responsabilidad ed.
830 00 - ASIENTO SECUNDARIO DE SERIE--TÍTULO UNIFORME
Título uniforme Biblioteca Isabel Allende
942 ## - ADDED ENTRY ELEMENTS (KOHA)
Source of classification or shelving scheme Dewey Decimal Classification
Koha item type Libros
956 ## - LOCAL ELECTRONIC LOCATION AND ACCESS (OCLC)
Nombre de host Brenda Tavárez
956 ## - LOCAL ELECTRONIC LOCATION AND ACCESS (OCLC)
Nombre de host Validado. Control de calidad MFF
Existencias
Withdrawn status Lost status Source of classification or shelving scheme Damaged status Not for loan Collection code Home library Current library Date acquired Source of acquisition Total Checkouts Full call number Barcode Date last seen Price effective from Koha item type
    Dewey Decimal Classification       Biblioteca Pública Metropolitana Salomé Ureña Biblioteca Pública Metropolitana Salomé Ureña 10/07/2015 Donación   Ch863.44 A432h BPMSU15100063 10/07/2015 10/07/2015 Libros